000 00327nam a22001457a 4500
008 211019b ||||| |||| 00| 0 eng d
020 _a9780256124057
041 _aeng
080 _22nd
_a336
082 _a336
100 _a56
101 _aFIN
245 _aCorporate Financial Reporting
_cBrownlee,E.R
942 _2udc
_cBK
999 _c58278
_d58278